000 01871nam0a2200385 4500
001 RU\NLR\BIBL_A\012069244
005 20190819151809.0
010 _a978-5-7749-1473-9
_91000
021 _aRU
_bКН-П-19-051127
_9КН-П-19-3697
035 _a(NLR Aleph) 012069244
035 _a(RuMoRGB)010035463
090 _a11746974
_c11746974
100 _a20190805d2019 k y0rusy50 ca
101 1 _arus
_ceng
102 _aRU
105 _ay z 000zy
200 1 _aГосударство: прошлое, настоящее и будущее
_fБоб Джессоп
_gперевод с английского Сергея Моисеева
_gпод научной редакцией Дмитрия Карасева
_g[РАНХиГС Российская академия народного хозяйства и государственной службы при Президенте Российской Федерации]
210 _aМосква
_cИздательский дом ДЕЛО
_d2019
215 _a500, [1] с.
_d21
300 _aЗагл. и авт. ориг.: The State: Past, Present, Future / Bob Jessop
300 _aНа обл. и корешке загл.: Государство
300 _aНа 2-й с. суперобл. авт.: Боб Джессоп, засл. проф. социологии
320 _aБиблиогр.: с. 460-501
454 1 _12001#$aThe State$ePast, Present, Future$fBob Jessop
_1700#1$aJessop$bB.$gBob
_tThe State
_aJessop, Bob
512 1 _aГосударство
606 1 _aГосударство
_xТеория
_92073063
_3RU\NLR\AUTH\661247934
610 0 _aгосударство
686 1 _aХ082.10
686 1 _aС550.511
700 1 _aДжессоп
_bБ.
_gБоб
942 _cBOOK
980 _aNBR
980 _aNB